Problémy veřejných financí s měnová politika.

Koncipovanie štátnych rozpočtov. Prevládajúce tradičné hľadiská s dôrazom na celkovú vyrovnanosť medzi príjmami a výdajmi. Konštruovanie legislatívnej zábrany proti deficitnému v niektorých krajinách (SRN). Vnútorná zadlženosť ČR. Zabezpečenie trvalejšieho vyrovnaného štátneho rozpočtu. Zvýšený dopy...

Ausführliche Beschreibung

Gespeichert in:
Bibliographische Detailangaben
1. Verfasser: Vencovský, František
Format: Buchkapitel
Sprache:Tschechisch
Schlagworte:
Tags: Tag hinzufügen
Keine Tags, Fügen Sie das erste Tag hinzu!

MARC

LEADER 00000naa a2200000 4500
001 r013296
005 20221205080143.9
041 0 |a cze 
044 |a CZ 
245 1 0 |a Problémy veřejných financí s měnová politika.  |c František Vencovský 
520 |a Koncipovanie štátnych rozpočtov. Prevládajúce tradičné hľadiská s dôrazom na celkovú vyrovnanosť medzi príjmami a výdajmi. Konštruovanie legislatívnej zábrany proti deficitnému v niektorých krajinách (SRN). Vnútorná zadlženosť ČR. Zabezpečenie trvalejšieho vyrovnaného štátneho rozpočtu. Zvýšený dopyt bankových úverov. Nedostatočná tvorba dlhodobého kapitálu v ČR. Situácia vo finančnom a peňažnom vývoji. Finančná politika Českej národnej banky. 
610 2 0 |a politika menová 
610 2 0 |a financie verejné 
610 2 0 |a rozpočet štátny 
610 2 0 |a úver bankový 
610 2 0 |a miera úroková 
610 2 0 |a peniaze 
610 2 0 |a politika finančná 
610 2 0 |a Česká národná banka 
610 2 0 |a deficit 
610 2 0 |a Čechy 
610 2 0 |a zadlženosť vnútorná 
100 1 |a Vencovský, František